What Shines ? / (Record no. 4017)

MARC details
000 -LEADER
fixed length control field 00765nam a22002657a 4500
001 - CONTROL NUMBER
control field 4017
003 - CONTROL NUMBER IDENTIFIER
control field FISKH
005 - DATE AND TIME OF LATEST TRANSACTION
control field 20240531094529.0
008 - FIXED-LENGTH DATA ELEMENTS--GENERAL INFORMATION
fixed length control field 240531b cb ||||| |||| 00| 0 eng d
020 ## - INTERNATIONAL STANDARD BOOK NUMBER
International Standard Book Number 0439586526
040 ## - CATALOGING SOURCE
Original cataloging agency FISKH
Language of cataloging eng
Transcribing agency FISKH
Modifying agency FISKH
082 ## - DEWEY DECIMAL CLASSIFICATION NUMBER
Classification number 372
100 ## - MAIN ENTRY--PERSONAL NAME
Personal name Schecter, Deborah
Relator term author
245 ## - TITLE STATEMENT
Title What Shines ? /
Statement of responsibility, etc. by Deborah Schecter
260 ## - PUBLICATION, DISTRIBUTION, ETC.
Place of publication, distribution, etc. New York :
Name of publisher, distributor, etc. Scholastic ;
Date of publication, distribution, etc. 2003
300 ## - PHYSICAL DESCRIPTION
Extent 8 pages :
Other physical details illustrations ;
Dimensions 12 cm .
490 ## - SERIES STATEMENT
Series statement Little Leveled Readers
Volume/sequential designation Level A
505 ## - FORMATTED CONTENTS NOTE
Formatted contents note B <br/>
520 ## - SUMMARY, ETC.
Summary, etc. A little discovers all the things that shine.
521 ## - TARGET AUDIENCE NOTE
Target audience note 40 <br/>
Source Lexile <br/>
521 ## - TARGET AUDIENCE NOTE
Target audience note B <br/>
Source Raz-Pus <br/>
650 ## - SUBJECT ADDED ENTRY--TOPICAL TERM
Topical term or geographic name entry element Easy readers
Form subdivision Fiction
700 ## - ADDED ENTRY--PERSONAL NAME
Personal name Kennedy, Anne
Relator term illustrator
942 ## - ADDED ENTRY ELEMENTS (KOHA)
Source of classification or shelving scheme Dewey Decimal Classification
Koha item type Books
Suppress in OPAC No
Holdings
Withdrawn status Lost status Source of classification or shelving scheme Damaged status Not for loan Collection Home library Current library Shelving location Date acquired Total Checkouts Full call number Barcode Date last seen Price effective from Koha item type
    Dewey Decimal Classification     Juvenile Fiction Footprints International School Library Network Toul Kork Campus Footprints International School Library Network Toul Kork Campus   05/31/2024   SCH 372 FISTK02997 05/31/2024 05/31/2024 Books